[Event "Challenge"]
[Site "http://www.queenalice.com/game.php?id=813518"]
[Date "2010.8.5"]
[Round "-"]
[White "mbacellar"]
[Black "carlosufpe"]
[Result "0-1"]
[WhiteElo "1407"]
[BlackElo "1490"]

1. e4 e5 2. Bc4 Nf6 3. d3 Bc5 4. Bg5 Nc6 5. h4 h6 6. Qd2 hxg5 7. Qxg5 g6 8. h5
Nh7 9. Qh6 Bf8 10. Qe3 Nd4 11. Qd2 Qg5 12. Rh3 Qxg2 13. Rg3 Qh1 14. c3 Nf3+ 15.
Rxf3 Qxg1+ 16. Ke2 Qg4 17. hxg6 Ng5 18. gxf7+ Ke7 19. b3 Qxf3+ 20. Kf1 Rh1# 0-1

[Event "Challenge"]
[Site "http://www.queenalice.com/game.php?id=813520"]
[Date "2010.8.5"]
[Round "-"]
[White "mbacellar"]
[Black "ATeixeira"]
[Result "0-1"]
[WhiteElo "1368"]
[BlackElo "1508"]

1. e4 d6 2. Qf3 Nf6 3. Bc4 Nc6 4. Ne2 Ne5 5. Qe3 Nxc4 6. Qc3 Ne5 7. f4 Nc6 8. h3
Nxe4 9. Qf3 d5 10. d3 Nf6 11. O-O Bd7 12. Bd2 e6 13. d4 Be7 14. g4 Ne4 15. c4
Nxd2 16. Nxd2 Bf6 17. Nb3 dxc4 18. Nc5 Nxd4 19. Qb3 Nxb3 20. axb3 Bc6 21. Rad1
Qe7 22. Nxb7 Bxb7 23. bxc4 O-O 24. g5 Bxg5 25. Rf3 Bxf3 26. Kf2 Bxe2 27. Kxe2
Rfd8 28. fxg5 Rxd1 29. Kxd1 Rd8+ 30. Kc2 Qb4 31. b3 Qd2+ 32. Kb1 Qe2 33. c5 Rd1#
0-1

[Event "Challenge"]
[Site "http://www.queenalice.com/game.php?id=813521"]
[Date "2010.8.5"]
[Round "-"]
[White "garota_rap"]
[Black "mbacellar"]
[Result "1/2-1/2"]
[WhiteElo "1539"]
[BlackElo "1355"]

1. e4 e5 2. Qf3 Bc5 3. Bc4 Nh6 4. d3 d6 5. Bxh6 Qf6 6. Qxf6 gxf6 7. Bg7 Rg8 8.
Bxf6 c6 9. Nc3 b5 10. Bb3 Rg6 11. Bh4 a6 12. g3 b4 13. Na4 Nd7 14. Nxc5 Nxc5 15.
Bc4 Na4 16. O-O-O b3 17. cxb3 Nc5 18. f4 Bb7 19. fxe5 d5 20. exd5 cxd5 21. e6
Rxe6 22. Nh3 dxc4 23. Rhe1 Bf3 24. Rxe6+ fxe6 25. Rd2 cxb3 26. a3 Na4 27. Ng5 h6
28. Nxf3 Nc5 29. Nd4 e5 30. Bf6 exd4 31. Bxd4 Na4 32. h4 Rd8 33. Bf6 Rd6 34.
Re2+ Kf7 35. Bh8 Nc5 36. Re3 Nxd3+ 37. Rxd3 Rxd3 38. g4 Rh3 39. h5 Kg8 40. Be5
Rh4 41. Bf4 Kh7 42. Bd6 Rxg4 43. Kd2 Rh4 44. Kc3 Rxh5 45. Kxb3 Rb5+ 46. Kc2 h5
47. Be7 Re5 48. Bf6 Re6 49. Bg5 Kg6 50. Bd8 Re2+ 51. Kc3 Rh2 52. b4 1/2-1/2

[Event "AUTO-OPEN-2064"]
[Site "http://www.queenalice.com/game.php?id=813542"]
[Date "2010.8.5"]
[Round "1"]
[White "massimo"]
[Black "mbacellar"]
[Result "1-0"]
[WhiteElo "1755"]
[BlackElo "1382"]

1. e4 e5 2. Nf3 Nf6 3. d3 Bc5 4. Be3 d6 5. Nc3 h5 6. Be2 h4 7. h3 d5 8. Bg5 O-O
9. Nxd5 Qd7 10. Bxf6 Re8 11. Nxh4 g5 12. Bxg5 Kh7 13. Nf6+ Kg7 14. Nxd7 Bxd7 15.
Qd2 f6 16. Bh6+ Kf7 17. Bh5+ Ke7 18. Nf5+ Bxf5 19. Bxe8 Bb4 20. Qxb4+ Kxe8 21.
Qf8+ Kd7 22. Qxf6 Be6 23. Qxe5 Nc6 24. Qg7+ Ne7 25. Bg5 Rg8 26. Qxe7+ Kc8 27.
Qxe6+ Kb8 28. Qxg8# 1-0

[Event "AUTO-OPEN-2064"]
[Site "http://www.queenalice.com/game.php?id=813543"]
[Date "2010.8.5"]
[Round "1"]
[White "mbacellar"]
[Black "massimo"]
[Result "0-1"]
[WhiteElo "1360"]
[BlackElo "1726"]

1. e4 e5 2. Bc4 Nf6 3. d3 Bc5 4. Bg5 h6 5. Qd2 hxg5 6. Qxg5 O-O 7. Nd2 d6 8. h4
Ng4 9. O-O-O Nxf2 10. Rh3 Nxd1 11. Rg3 Qxg5 12. Rxg5 Bxg1 13. Kxd1 Be6 14. Nf3
Be3 15. Rg3 Nc6 16. c3 Bxc4 17. dxc4 Na5 18. Ke2 Nxc4 19. h5 Nxb2 20. Kxe3 f5
21. Kd2 fxe4 22. Ng5 Nc4+ 23. Kc2 e3 24. Kd1 Rf2 25. Ne4 e2+ 26. Ke1 Rf5 27. Rh3
Raf8 28. g4 Rf4 29. Ng5 Rxg4 30. Ne6 Rf7 31. Kxe2 c5 32. Kd3 b5 33. h6 gxh6 34.
Rxh6 Rf3+ 35. Ke2 Re3+ 36. Kf2 Rxc3 37. Nc7 b4 38. Rh2 Rc2+ 39. Kf3 Rxh2 40.
Kxg4 Rxa2 41. Ne6 b3 42. Nxc5 b2 43. Ne6 b1=Q 44. Kg5 Qf1 45. Kg6 Qf7+ 46. Kg5
Rg2+ 47. Kh4 Qh7# 0-1

[Event "AUTO-OPEN-2064"]
[Site "http://www.queenalice.com/game.php?id=813570"]
[Date "2010.8.5"]
[Round "1"]
[White "cesargarcia"]
[Black "mbacellar"]
[Result "1-0"]
[WhiteElo "2341"]
[BlackElo "1380"]

1. d4 e5 2. dxe5 Bc5 3. Nc3 f6 4. Nf3 fxe5 5. Nxe5 Qf6 6. Nd3 b6 7. Nd5 Qe6 8.
Nxc7+ Ke7 9. Nxe6 dxe6 10. Bg5+ Kf7 11. Ne5+ Ke8 12. Qd8# 1-0

[Event "AUTO-OPEN-2064"]
[Site "http://www.queenalice.com/game.php?id=813571"]
[Date "2010.8.5"]
[Round "1"]
[White "mbacellar"]
[Black "cesargarcia"]
[Result "0-1"]
[WhiteElo "1363"]
[BlackElo "2353"]

1. e4 c5 2. Bc4 Nc6 3. Nh3 Nf6 4. O-O Nxe4 5. d3 Nf6 6. Ng5 e6 7. h4 h6 8. Nf3
d5 9. Bb3 Bd6 10. d4 cxd4 11. Ba4 e5 12. c3 d3 13. Nfd2 O-O 14. Qf3 e4 15. Qe3
Ng4 16. Qh3 Nxf2 17. Qe3 Ng4 18. Qe1 Qc7 19. b4 Bc5+ 20. bxc5 Qh2# 0-1

[Event "AUTO-OPEN-2064"]
[Site "http://www.queenalice.com/game.php?id=813590"]
[Date "2010.8.5"]
[Round "1"]
[White "mbacellar"]
[Black "Braimondi"]
[Result "0-1"]
[WhiteElo "1362"]
[BlackElo "1926"]

1. e4 c5 2. Bc4 e6 3. d3 d5 4. Bb3 dxe4 5. dxe4 Qxd1+ 6. Kxd1 Nf6 7. Ne2 Nxe4 8.
Rf1 b5 9. c3 Be7 10. Bc2 Bb7 11. a4 O-O 12. a5 Nf6 13. b4 Bxg2 14. Rg1 Rd8+ 15.
Ke1 Bf3 16. Rg3 Bh5 17. Bf4 Nc6 18. Na3 a6 19. Re3 cxb4 20. cxb4 Nd5 21. Ng3
Nxe3 22. Bxe3 Bxb4+ 23. Kf1 Bf3 24. Bb6 Rd5 25. Re1 Bxa3 26. Re3 Bg4 27. Rxa3
Rc8 28. Kg2 Nxa5 29. h3 Rxc2 30. hxg4 Nc4 31. Bc5 Nxa3 32. Bxa3 Ra2 33. Be7 Rdd2
34. Ne4 Re2 35. Bc5 Rxe4 36. Kf3 Rc4 37. Bb6 Ra3+ 38. Kg2 Rxg4+ 39. Kf1 h5 40.
f3 Rxf3+ 41. Ke2 Ra3 42. Bc5 Rb3 43. Be3 Re4 44. Kf3 Rbxe3+ 45. Kf2 Rb3 46. Kg2
Re2+ 47. Kf1 Ra2 48. Ke1 Rb1# 0-1

[Event "AUTO-OPEN-2064"]
[Site "http://www.queenalice.com/game.php?id=813591"]
[Date "2010.8.5"]
[Round "1"]
[White "Braimondi"]
[Black "mbacellar"]
[Result "1-0"]
[WhiteElo "1911"]
[BlackElo "1363"]

1. c4 d6 2. d4 Bf5 3. Nc3 Na6 4. e4 Bg6 5. f4 Nf6 6. f5 Bh5 7. Be2 c6 8. Bxh5 g6
9. fxg6 hxg6 10. Bf3 Rb8 11. Bg5 Nd7 12. e5 c5 13. exd6 f6 14. Qe2 fxg5 15. Nd5
e6 16. Qxe6+ Be7 17. Qxg6+ Kf8 18. dxe7+ Qxe7+ 19. Nxe7 Kxe7 20. O-O-O Rbg8 21.
Re1+ Kd8 22. Qd6 Nb4 23. Bg4 Rf8 24. Qxd7# 1-0

[Event "AUTO-INT-1780"]
[Site "http://www.queenalice.com/game.php?id=813614"]
[Date "2010.8.5"]
[Round "1"]
[White "mbacellar"]
[Black "matamuff"]
[Result "0-1"]
[WhiteElo "1378"]
[BlackElo "1652"]

1. e4 d6 2. Bc4 g6 3. b3 Bg7 4. Qf3 Be6 5. Bd3 Bxa1 6. Nh3 Bf6 7. g4 Qd7 8. g5
Bxh3 9. Bc4 Bg4 10. Qf4 e5 11. Qg3 Bxg5 12. h3 Bf4 13. Qh4 Bf3 14. Qh6 Bxh6 15.
O-O Qxh3 16. Nc3 Qg2# 0-1

[Event "AUTO-INT-1780"]
[Site "http://www.queenalice.com/game.php?id=813615"]
[Date "2010.8.5"]
[Round "1"]
[White "matamuff"]
[Black "mbacellar"]
[Result "1-0"]
[WhiteElo "1784"]
[BlackElo "1361"]

1. Nf3 e6 2. c4 Bc5 3. d4 Bb6 4. b3 d5 5. e3 Qf6 6. Ne5 Ba5+ 7. Bd2 Bb6 8. Bb4
a5 9. Ba3 Qh6 10. Nd2 a4 11. bxa4 f6 12. Nd3 dxc4 13. Nxc4 e5 14. dxe5 Bd7 15.
Nxb6 cxb6 16. Be2 Qh4 17. Nf4 fxe5 18. Nd5 Kd8 19. Nxb6 Ra6 20. Bxa6 Qg4 21.
Bxb7 Qxg2 22. Bxg2 Kc7 23. Qd6+ Kd8 24. Qxb8+ Bc8 25. Qd6+ Bd7 26. Qxd7# 1-0

[Event "AUTO-INT-1780"]
[Site "http://www.queenalice.com/game.php?id=813616"]
[Date "2010.8.5"]
[Round "1"]
[White "mbacellar"]
[Black "Tenista"]
[Result "0-1"]
[WhiteElo "1368"]
[BlackElo "1649"]

1. e4 e6 2. d3 d5 3. Qd2 d4 4. e5 Qd5 5. Qf4 Nc6 6. Nf3 Bb4+ 7. c3 dxc3 8. Nxc3
Bxc3+ 9. bxc3 Nge7 10. c4 Qa5+ 11. Bd2 Qa6 12. d4 O-O 13. Rg1 b6 14. Bd3 Bb7 15.
Qg4 Rad8 16. Qh4 g6 17. g4 Nxd4 18. Ng5 Nf3+ 19. Nxf3 Bxf3 20. Qg3 Rxd3 21. Bb4
c5 22. Ba3 Qxa3 23. h4 Qc3+ 0-1

[Event "AUTO-INT-1780"]
[Site "http://www.queenalice.com/game.php?id=813617"]
[Date "2010.8.5"]
[Round "1"]
[White "Tenista"]
[Black "mbacellar"]
[Result "1-0"]
[WhiteElo "1642"]
[BlackElo "1373"]

1. e4 e5 2. Bc4 Nh6 3. d3 Qf6 4. Be3 Nc6 5. Nc3 d6 6. Nd5 Qd8 7. Nf3 a6 8. a4
Rg8 9. Qd2 Ne7 10. O-O-O Qd7 11. Bxh6 gxh6 12. Nf6+ Kd8 13. Nxd7 Bxd7 14. Bxf7
Rxg2 15. Nxe5 dxe5 16. d4 Bg7 17. dxe5 Bxe5 18. Qxd7# 1-0

[Event "AUTO-INT-1780"]
[Site "http://www.queenalice.com/game.php?id=813618"]
[Date "2010.8.5"]
[Round "1"]
[White "mbacellar"]
[Black "zemaria"]
[Result "0-1"]
[WhiteElo "1359"]
[BlackElo "1806"]

1. e4 e5 2. Bc4 Bc5 3. Nh3 h6 4. Qf3 Nf6 5. Qg3 Qe7 6. Qxg7 Rg8 7. Qxh6 d5 8.
Bb5+ c6 9. Be2 Rxg2 10. Qh8+ Rg8 11. Qh6 Rg6 12. Qh4 Bxh3 13. Qxh3 Nxe4 14. Qh8+
Kd7 15. h4 Nf6 16. c4 Rg8 17. Qh6 Na6 18. f4 Rh8 19. Qg5 Rag8 20. Qf5+ Kd8 21.
Nc3 d4 22. Nb1 e4 23. Kf2 d3+ 24. Ke1 dxe2 25. Rh3 Rg1+ 26. Kxe2 Rxc1 27. a3 Nc7
28. b4 Bd4 29. d3 Rc2+ 30. Kd1 Rf2 31. dxe4 Bxa1 32. Rd3+ Nd7 33. Ke1 Rg2 34. c5
Qe6 35. Kf1 Ra2 36. Nc3 Bxc3 37. Rxc3 Qxf5 38. exf5 Rxh4 39. Rf3 Rh1# 0-1

[Event "AUTO-INT-1780"]
[Site "http://www.queenalice.com/game.php?id=813619"]
[Date "2010.8.5"]
[Round "1"]
[White "zemaria"]
[Black "mbacellar"]
[Result "1-0"]
[WhiteElo "1808"]
[BlackElo "1357"]

1. e4 e5 2. Nf3 Bc5 3. d3 g5 4. Bxg5 f6 5. Be3 Bb4+ 6. Nbd2 a5 7. a3 Bf8 8. Nc4
b5 9. Ncd2 h5 10. Nh4 Rh6 11. Bxh6 Bxh6 12. Be2 f5 13. Bxh5+ Ke7 14. Nxf5+ Kf8
15. Qf3 Ra6 16. Nxh6+ Nf6 17. Ng4 d5 18. b3 Qe7 19. h3 Kg7 20. Nxf6 Qxf6 21.
Qxf6+ Kxf6 22. O-O-O Kg5 23. Bg4 b4 24. Bxc8 bxa3 25. Bxa6 a2 26. Kb2 a1=Q+ 27.
Rxa1 Nxa6 28. Rxa5 Nb4 29. Kc3 Nc6 30. Rxd5 Kf6 31. Nf3 Ke6 32. Ra1 Ne7 33.
Rxe5+ Kd6 34. Rxe7 Kxe7 35. Ra5 c6 36. Rf5 Kd7 37. h4 Kc7 38. h5 Kb6 39. h6 c5
40. h7 Kb5 41. h8=Q 1-0

[Event "Challenge"]
[Site "http://www.queenalice.com/game.php?id=814764"]
[Date "2010.8.7"]
[Round "-"]
[White "Mulder"]
[Black "mbacellar"]
[Result "1-0"]
[WhiteElo "1422"]
[BlackElo "1358"]

1. e4 e5 2. Nf3 d5 3. Nxe5 Bc5 4. c4 Qf6 5. Nd3 dxe4 6. Nxc5 Qe5 7. d4 Qf5 8. g4
Qg6 9. Nc3 Ne7 10. N3xe4 f5 11. gxf5 Qxf5 12. f3 a5 13. Ng3 b6 14. Nxf5 Bxf5 15.
Nd3 Nd7 16. Bf4 c5 17. Qa4 cxd4 18. Ne5 Rc8 19. Rd1 Rg8 20. b4 Rd8 21. c5 h6 22.
c6 Nxe5 23. c7+ Rd7 24. Rxd4 Nxf3+ 25. Kf2 Nxd4 26. c8=Q+ Nxc8 27. Bc4 Bc2 28.
Re1+ Kd8 29. Bxg8 Bxa4 30. Be5 Nc2 31. Be6 Rd2+ 32. Re2 Rd3 33. Bf5 Ra3 34. Rd2+
Ke7 35. Re2 Bb5 36. Rxc2 axb4 37. Rxc8 Rxa2+ 38. Kg1 b3 39. Rc7+ Kf8 40. Bxg7+
Kg8 41. Bxh6 b2 42. Be6+ Kh8 43. Bxa2 Bd3 44. Bg7+ Kh7 45. Bxb2+ Kh6 46. Rc6+
Kh5 47. Rxb6 Kg4 48. Be5 Bf5 49. Rb4+ Kg5 50. h4+ Kh5 51. Bf7+ Bg6 52. Bxg6+
Kxg6 53. Rb8 Kh5 54. Rh8+ Kg6 55. h5+ Kf7 56. h6 Ke6 57. Re8+ Kf7 58. Ra8 Ke6
59. h7 Kxe5 60. h8=Q+ 1-0

[Event "Challenge"]
[Site "http://www.queenalice.com/game.php?id=814765"]
[Date "2010.8.7"]
[Round "-"]
[White "mbacellar"]
[Black "Mulder"]
[Result "0-1"]
[WhiteElo "1378"]
[BlackElo "1464"]

1. Nf3 Nc6 2. e3 e5 3. Bc4 Nf6 4. Ng5 d5 5. Bb3 h6 6. Nh3 Bc5 7. Qf3 e4 8. Qg3
Nh5 9. Nc3 Nxg3 10. hxg3 Be6 11. Nf4 Qg5 12. Bxd5 O-O-O 13. Bxe4 Nb4 14. a3 f5
15. Bf3 Nxc2+ 16. Kd1 Nxa1 17. Nh5 Bb3+ 18. Ke2 Bc4+ 19. d3 Rxd3 20. Nf4 Rxc3+
21. Kd2 Rb3 22. Nh3 Qd8+ 23. Ke1 Nc2# 0-1

[Event "Challenge"]
[Site "http://www.queenalice.com/game.php?id=830014"]
[Date "2010.9.9"]
[Round "-"]
[White "Gesundheitengefangnis"]
[Black "mbacellar"]
[Result "0-1"]
[WhiteElo "1557"]
[BlackElo "1338"]

1. e4 e5 2. Nf3 a5 3. Bc4 a4 4. d3 Qf6 5. Ng5 Bc5 6. O-O Nh6 7. Nc3 c6 8. Nf3 d6
9. Bxh6 gxh6 10. b3 d5 11. exd5 b5 12. Nxb5 Ra5 13. Qd2 Bb6 0-1

[Event "Challenge"]
[Site "http://www.queenalice.com/game.php?id=830015"]
[Date "2010.9.9"]
[Round "-"]
[White "mbacellar"]
[Black "Gesundheitengefangnis"]
[Result "0-1"]
[WhiteElo "1345"]
[BlackElo "1571"]

1. e4 e5 2. Nf3 Nc6 3. c3 Bc5 4. Bc4 h6 5. Nxe5 Nxe5 6. Qg4 Nxg4 7. f3 Bf2+ 8.
Kf1 Qh4 9. h3 Be1 10. Kg1 Qf2# 0-1